Quiz o województwie lubuskim - Statystyki

Ogólne statystyki
  • Ten quiz został rozwiązany 98 razy
    26 od ostatniego zresetowania
  • Średni wynik to 8 z 17
Statystyki odpowiedzi
Wskazówka Odpowiedź % Poprawnych
Siedziba wojewody Gorzów Wielkopolski
95%
Państwo graniczące Niemcy
95%
Województwa graniczące (są trzy więc wystarczy żebyś wpisał/a jedno) dolnośląskie | wielkopolskie |zachodniopomorskie
90%
Siedziba sejmiku Zielona Góra
86%
Rzeki stanowiąca zachodnią granice województwa Odra
67%
Słynny polski bramkarz (ur. 18.04.1985r.), który urodził się w tym województwie Łukasz Fabiański
57%
Najbardziej na zachód wysunięty powiat powiat {słubicki}
52%
Najbardziej ruchliwa droga przebiegająca przez województwo lubuskie A2
43%
Rzeki stanowiąca zachodnią granice województwa Nysa Łużycka
43%
Jedyny polski park narodowy położony wtrzech województwach {Drawieński}Park Narodowy
33%
Wojewoda Marek Cebula
33%
Miasto, w którym urodził się powyższy Kostrzyn nad Odrą
29%
Ilu posłów na Sejm Polski wybierają mieszkańcy województwa lubuskiego? 12
19%
Zwycięzca Pucharu Polski Lubuskiego Związku Piłki Nożnej w sezonie 22/23 w piłce nożnej Carina Gubin
10%
Nazwa jednego z najstarszych dębów w Polsce Dąb {Chrobry}
5%
Najwyższe wzniesienie Gołębia
5%
Mezoregion fizycznogeograficzny w którym leży w powyższy Równina Drawska
0%
Nie znaleziono quizów pasujących do podanych kryteriów
Rozkład punktacji
Procent ludzi z każdym wynikiem
Percentyl według liczby udzielonych odpowiedzi
Twoja historia wyników
Nie rozwiązałeś tego quizu od ostatniego zresetowania